LEADER 01211nam a2200277 i 4500 001 000000111475 003 CaOOAMICUS 005 20030127000000.0 008 030127s1993 it u000 u ita u 013 $a84157 020 $a88-7746-646-4 040 $aSeMil$bita 100 1 $aAdorno, Theodor Wiesengrund,$d<1903-1969>.$0(OLS)http://semarc/name/7473 240 10$aKierkegaard. Konstruktion des Ästhetischen.$0(OLS)http://semarc/title/162275 245 10$aKierkegaard :$bla costruzione dell'estetico /$cTheodor W. Adorno ; traduzione di Alba Burger Cori. 260 $aParma :$bGuanda,$ccopyr. 1993. 300 $a400 p. ;$c20 cm. 500 $aContiene : note all'appendice. 600 14$aKierkegaard, Søren <1813-1855>.$0(OLS)http://semarc/subject/1182 700 1 $aBurger Cori, Alba.$0(OLS)http://semarc/name/34531 850 $aSeMil 852 $aSeMil$W1$xVenegono$y1$m177 3 3 *$j67306$B67306$CSeMilBibl$Z2$F73787 $81 961 $aAcquisto: Àncora (Libreria) 996 $6020$a88-7746-646-4$9(OLS)http://semarc/number/93668 996 $6245$aKierkegaard :$bla costruzione dell'estetico$9(OLS)http://semarc/title/162274 996 $6260$aParma :$bGuanda$9(OLS)http://semarc/publisher/31392 LEADER 00963nam a2200253 i 4500 001 000000113188 003 CaOOAMICUS 005 20030318000000.0 008 030318s2001 it u000 u ita u 013 $a85874 040 $aSeMil$bita 100 1 $aGide, André,$d<1869-1951>.$0(OLS)http://semarc/name/15461 245 10$aNumquid et tu? /$cAndré Gide ; postfazione di Carlo Bo. 260 $aVicenza :$bLa Locusta,$c2001. 300 $a49 p. ;$c18 cm. 500 $aFondo Card. C.M. Martini. 650 4$aGide, André <1869-1951> - Opere.$0(OLS)http://semarc/subject/20491 700 1 $aBo, Carlo,$d<1911-2001>.$0(OLS)http://semarc/name/7656 850 $aSeMil 852 $aSeMil$W1$xVenegono$y1$m3F II 317$j68899$B68899$CSeMilBibl$Z2$F101250 $81 941 1 $a4 961 $aOmaggio: Martini Card. Carlo Maria 996 $6245$aNumquid et tu?$9(OLS)http://semarc/title/165204 996 $6260$aVicenza :$bLa Locusta$9(OLS)http://semarc/publisher/31451